书目信息 |
| 题名: |
海顿简易钢琴小品集锦
|
|
| 作者: | 海顿 曲 ;特佩尔 编 | |
| 分册: | ||
| 出版信息: | 北京 人民音乐出版社 2004 |
|
| 页数: | 30页 | |
| 开本: | 31cm | |
| 丛书名: | ||
| 单 册: | ||
| 中图分类: | J657.41(521) , J657.41 | |
| 科图分类: | ||
| 主题词: | 钢琴谱--奥地利--近代--选集 , 钢琴谱 | |
| 电子资源: | ||
| ISBN: | 7-103-02926-1 | |
| 000 | 00939ncm0 2200265 450 | |
| 001 | 002869253 | |
| 005 | 20070806181053.78 | |
| 010 | @a7-103-02926-1@dCNY11.50 | |
| 100 | @a20050427d2004 em y0chiy0110 ea | |
| 101 | 0 | @achi |
| 102 | @aCN@b110000 | |
| 105 | @ay z 000yy | |
| 200 | 1 | @a海顿简易钢琴小品集锦@9hai dun jian yi gang qin xiao pin ji jin@f(德)米夏埃尔·特佩尔编 |
| 210 | @a北京@c人民音乐出版社@d2004 | |
| 215 | @a30页@d31cm | |
| 330 | @a本曲集由约琴夫·海顿最受人喜爱、演奏技巧最容易的钢琴小品组成。这些乐曲不仅能用于活跃钢琴课教学的气氛,还能显现出海顿音乐的多样性。 | |
| 510 | 1 | @aJoseph Haydn Easy Piano Pieces and Dances@zeng |
| 606 | 0 | @a钢琴谱@y奥地利@z近代@j选集 |
| 606 | 0 | @a钢琴谱 |
| 690 | @aJ657.41(521)@v4 | |
| 690 | @aJ657.41@v3 | |
| 701 | 0 | @c(奥)@a海顿@9hai dun@c(Hadan, F.Joseph@f1732~1809)@4曲 |
| 702 | 0 | @c( )@a特佩尔@9te pei er@4编 |
| 801 | 0 | @aCN@bNLC@c20070806 |
| 905 | @a10447@dJ657.41@e452 | |
| 海顿简易钢琴小品集锦/(德)米夏埃尔·特佩尔编.-北京:人民音乐出版社,2004 |
| 30页;31cm |
| ISBN 7-103-02926-1:CNY11.50 |
| 本曲集由约琴夫·海顿最受人喜爱、演奏技巧最容易的钢琴小品组成。这些乐曲不仅能用于活跃钢琴课教学的气氛,还能显现出海顿音乐的多样性。 |
| ● |
| 相关链接 |
|
|
|
|
正题名:海顿简易钢琴小品集锦
索取号:J657.41/452
 
预约/预借
| 序号 | 登录号 | 条形码 | 馆藏地/架位号 | 状态 | 备注 |
| 1 | 0804499 | 208044999 | 第一样本阅览室/ [索取号:J657.41/452] | 在馆 | |
| 2 | 0804500 | 208045006 | 第一借阅区/ [索取号:J657.41/452] | 在馆 | |
| 3 | 0804501 | 208045015 | 第一借阅区/ [索取号:J657.41/452] | 在馆 | |
| 4 | 0804502 | 208045024 | 第一借阅区/ [索取号:J657.41/452] | 在馆 | |
| 5 | 0804503 | 208045033 | 密集书库-音乐系/ [索取号:J657.41/452] | 在馆 |